Statistics for Red Dwarf Episodes

Click here to take the quiz!

General Stats

  • This quiz has been taken 506 times
    (287 since last reset)
  • The average score is 38 of 61

Answer Stats

Season Answer % Correct
1The End
91%
2Kryten
87%
3Polymorph
83%
6Emohawk: Polymorph II
77%
3Backwards
76%
6Rimmerworld
72%
1Me2
72%
1Future Echoes
72%
3Timeslides
70%
1Confidence and Paranoia
70%
1Waiting for God
69%
9Back to Earth: Part Two
69%
9Back to Earth: Part One
69%
9Back to Earth: Part Three
69%
6Gunmen of the Apocalypse
68%
10The Beginning
67%
6Legion
67%
5Holoship
67%
8Back in the Red: Part 2
67%
2Queeg
67%
8Back in the Red: Part I
67%
8Back in the Red: Part 3
67%
8Pete: Part 2
66%
8Pete: Part I
66%
5Back to Reality
65%
6Psirens
65%
4Camille
65%
2Better than Life
64%
4DNA
64%
5Quarantine
64%
3Marooned
63%
4Meltdown
62%
5The Inquisitor
62%
7Tikka to Ride
62%
10Lemons
61%
8Krytie TV
60%
8Cassandra
60%
4Justice
59%
4White Hole
59%
7Blue
59%
2Stasis Leak
59%
5Demons and Angels
59%
4Dimension Jump
59%
7Ouroboros
58%
2Parallel Universe
56%
1Balance of Power
55%
8Only the Good...
55%
6Out of Time
54%
7Duct Soup
52%
2Thanks for the Memory
52%
3The Last Day
51%
7Nanarchy
50%
7Stoke Me a Clipper
50%
7Epideme
48%
5Terrorform
48%
3Bodyswap
47%
10Trojan
43%
10Father and Suns
42%
7Beyond a Joke
41%
10Dear Dave
40%
10Entangled
29%

Score Distribution

Percentile by Number Answered

Percent of People with Each Score

Your Score History

You have not taken this quiz since the last reset